Պառավ Իզերգիլը : (Record no. 143038)
[ view plain ]
| 000 -LEADER | |
|---|---|
| fixed length control field | 01014nam a2200229 a 4500 |
| 001 - CONTROL NUMBER | |
| control field | 000374299 |
| 003 - CONTROL NUMBER IDENTIFIER | |
| control field | AM-YeHGA |
| 005 - DATE AND TIME OF LATEST TRANSACTION | |
| control field | 20250618072303.0 |
| 008 - FIXED-LENGTH DATA ELEMENTS--GENERAL INFORMATION | |
| fixed length control field | 041027s1983 ai a||||r|||||||||1|arm|d |
| 040 ## - CATALOGING SOURCE | |
| Original cataloging agency | AM-YeHGA |
| 041 1# - LANGUAGE CODE | |
| Language code of text/sound track or separate title | arm |
| Language code of original | rus |
| 090 ## - LOCALLY ASSIGNED LC-TYPE CALL NUMBER (OCLC); LOCAL CALL NUMBER (RLIN) | |
| -- | 144419 |
| 100 1# - MAIN ENTRY--PERSONAL NAME | |
| Personal name | Գորկի, Մաքսիմ, |
| Dates associated with a name | 1868-1936 |
| 9 (RLIN) | 21 |
| 245 10 - TITLE STATEMENT | |
| Title | Պառավ Իզերգիլը : |
| Remainder of title | Պատմվածք / |
| Statement of responsibility, etc. | Մ. Գորկի ; Ռուս. թարգմ.՝ Մ. Արմեն ; Նկ.՝ Պ. Մալայան ; Խմբ.՝ Հ.Վ. Վարդանյան. |
| 260 ## - PUBLICATION, DISTRIBUTION, ETC. | |
| Place of publication, distribution, etc. | Երևան : |
| Name of publisher, distributor, etc. | Սովետական գրող, |
| Date of publication, distribution, etc. | 1983. |
| 300 ## - PHYSICAL DESCRIPTION | |
| Extent | 34 էջ : |
| Other physical details | գունանկ. ; |
| Dimensions | 26 սմ. |
| 650 10 - SUBJECT ADDED ENTRY--TOPICAL TERM | |
| Topical term or geographic name entry element | Ռուս մանկական գրականություն |
| General subdivision | Պատմվածք |
| 700 1# - ADDED ENTRY--PERSONAL NAME | |
| Personal name | Վարդանյան, Հայկ Վարդանի, |
| Dates associated with a name | 1926-1995 |
| Relator term | խմբ. |
| Relationship | edt |
| 9 (RLIN) | 2801 |
| 700 1# - ADDED ENTRY--PERSONAL NAME | |
| Personal name | Մալայան, Պետրոս Հովհաննեսի, |
| Dates associated with a name | 1927-1995 |
| Relator term | նկ. |
| Relationship | art |
| 9 (RLIN) | 2677 |
| 700 1# - ADDED ENTRY--PERSONAL NAME | |
| Personal name | Արմեն, Մկրտիչ Գրիգորի, |
| Dates associated with a name | 1906-1972 |
| Relator term | թարգմ. |
| Relationship | trl |
| 9 (RLIN) | 965 |
| 942 ## - ADDED ENTRY ELEMENTS (KOHA) | |
| Source of classification or shelving scheme | Universal Decimal Classification |
| Koha item type | Գրքեր / Books |
| Withdrawn status | Lost status | Damaged status | Not for loan | Collection | Home library | Current library | Date acquired | Total checkouts | Full call number | Barcode | Date last seen | Price effective from | Koha item type | Public note |
|---|---|---|---|---|---|---|---|---|---|---|---|---|---|---|
| General | Fundamental Scientific Library | Fundamental Scientific Library | 22/12/2016 | AIII/5522 | FL0075897 | 22/12/2016 | 22/12/2016 | Գրքեր / Books | 30 Days Loan |
ՀՀ Գիտությունների ազգային ակադեմիայի հիմնարար գիտական գրադարան = Fundamental Scientific Library of NAS RA
All site content, except where otherwise noted, is licensed under a